|
|
|
|
| LEADER |
00000nam0a2200000 4500 |
| 001 |
109575 |
| 005 |
20231101214858.0 |
| 035 |
|
|
|a (RuTPU)RU\TPU\book\118326
|
| 090 |
|
|
|a 109575
|
| 100 |
|
|
|a 20070209d1947 km y0rusy50 ca
|
| 101 |
0 |
|
|a rus
|
| 102 |
|
|
|a RU
|
| 105 |
|
|
|a a z 001zy
|
| 200 |
1 |
|
|a Березовское рудное поле
|e Геологическое строение
|f Н. И. Бородаевский, М. Б. Бородаевская
|g Научно-исследовательский институт НИГРИЗОЛОТО ; под ред. Д. С. Белянкина
|
| 210 |
|
|
|a Москва
|c Изд-во лит-ры по черной и цветной металлургии
|d 1947
|
| 215 |
|
|
|a 264 с.
|c ил.
|
| 320 |
|
|
|a Библиогр.: с. 258-261.
|
| 610 |
1 |
|
|a геология
|
| 610 |
1 |
|
|a руды
|
| 610 |
1 |
|
|a рудные месторождения
|
| 610 |
1 |
|
|a геологическое строение
|
| 610 |
1 |
|
|a золото
|
| 610 |
1 |
|
|a золото-рудные породы
|
| 610 |
1 |
|
|a Березовское месторождение
|
| 675 |
|
|
|a 553.3/.4
|v 3
|
| 675 |
|
|
|a 553.411
|v 3
|
| 700 |
|
1 |
|a Бородаевский
|b Н. И.
|
| 701 |
|
1 |
|a Бородаевская
|b М. Б.
|
| 702 |
|
1 |
|a Белянкин
|b Д. С.
|4 340
|
| 712 |
0 |
2 |
|a Научно-исследовательский горно-разведочный институт золота
|c (Москва)
|c (1941-1957)
|2 stltpush
|3 (RuTPU)RU\TPU\col\27479
|9 28668
|
| 801 |
|
1 |
|a RU
|b 63413507
|c 20070209
|g PSBO
|
| 801 |
|
2 |
|a RU
|b 63413507
|c 20210608
|g PSBO
|
| 942 |
|
|
|c BK
|